On This Day: September 24th II Quiz Stats

 Plays Quiz Updated Sep 24, 2018

Score 0/7 Timer 03:00
0 Plays Today
Question Answer Wrong Answers
This American director, producer, and screenwriter, best known for creating The Muppets, is born.
1936
Jim Henson
90.4%
Frank Oz
6.7%
Ub Iwerks
0.6%
Mel Brooks
1.7%
This man flees to British Army lines when the arrest of British Major John André exposes his plot to surrender West Point.
1780
Benedict Arnold
88.4%
Ethan Allen
3.2%
Horatio Gates
2.8%
Nathanael Greene
5.6%
The United States Congress passes the Judiciary Act, which creates the office of the United States ______.
1789
Attorney General
87.2%
Treasury
8.4%
Chief Information
0.7%
Inspector General
3.5%
The monarchy is restored in this country, with Norodom Sihanouk, a member of the Khmer Royal Family, reinstated as king.
1993
Cambodia
81%
Laos
8.7%
Vietnam
6.2%
Taiwan
3.1%
At least 2,400 people are killed and hundreds more wounded after a stampede during the Hajj in ______.
2015
Saudi Arabia
69.6%
Iran
9.5%
Turkey
11.2%
Egypt
8.5%
Admiral Despointes formally takes possession of New Caledonia in the name of this country.
1853
France
64.1%
United States
3.1%
United Kingdom
20.2%
Netherlands
11.9%
Guinea-Bissau declares independence from ______.
1973
Portugal
46.5%
Spain
17.7%
Belgium
31.9%
Germany
3%

You're not logged in!

Compare scores with friends on all Sporcle quizzes.
OR
Log In

Sporcle TV

Today on Sporcle TV


Watch our educational content, quiz creation guides, and fun videos on Sporcle TV.

Show Comments

Extras

Top Quizzes Today


Score Distribution

Your Account Isn't Verified!

In order to create a playlist on Sporcle, you need to verify the email address you used during registration. Go to your Sporcle Settings to finish the process.

Report this User

Report this user for behavior that violates our Community Guidelines.

Details: